Rocky Horror - The Time Warp Lyrics - Statistics

General Stats
  • This quiz has been taken 600 times
    594 since last reset
  • The average score is 38 of 48
Answer Stats
Hint Lyric % Correct
Let's do the ____ ____ again! Time Warp
98%
Let's do the ____ ____ again! Time Warp
98%
Let's do the ____ ____ again! Time Warp
98%
Let's do the ____ ____ again! Time Warp
98%
Let's do the ____ ____ again! Time Warp
98%
Let's do the ____ ____ again! Time Warp
98%
Let's do the ____ ____ again! Time Warp
98%
Let's do the ____ ____ again! Time Warp
98%
It's just a jump to the ____ Left
97%
With your hands on your ____ Hips
96%
And then a step to the _____ Right
96%
Not for very much _____ Longer
95%
But ______ closely Listen
92%
That really drives you ______ Insane
91%
You bring your _____ in tight Knees
91%
No not at ___ All
90%
Time is ________ Fleeting
88%
I've got to keep _______ Control
87%
_______ takes its toll Madness
87%
In another _________ Dimension
86%
I ________ doing the Time Warp Remember
86%
Well, I was walking down the ______ Street
85%
So you can't ___ me See
83%
It's __________ Astounding
82%
And the _____'s eyes Devil
82%
But it's the ______ ______ Pelvic Thrust
81%
With voyeuristic _________ Intention
79%
It took me by ________ Surprise
78%
Like you're under ________ Sedation
77%
Oh, _______ free me Fantasy
76%
And _______ can ever be the same Nothing
76%
And the void would be _______ Calling
73%
He had a ____-__ truck Pick-up
72%
You're into a ____ ____ Time Slip
72%
With a bit of a ____ ____ Mind Flip
70%
Gave me an evil ____ Wink
70%
It's so _______ Dreamy
66%
________ those moments when Drinking
65%
Well it _____ me up Shook
64%
_____ would again Never
62%
He ______ at me Stared
61%
The _________ would hit me Blackness
58%
Time _____ nothing Meant
58%
You're spaced out on _________ Sensation
58%
Well _________, I see it all Secluded
56%
Just having a _____ Think
54%
And I felt a _____ Change
52%
When a _____ of a guy Snake
48%
No matching quizzes found
Score Distribution
Percent of People with Each Score
Percentile by Number Answered
Your Score History
You have not taken this quiz since the last reset